40 Największych miast w województwie małopolskim - Statystyki

Ogólne statystyki
  • Ten quiz został rozwiązany 22 razy
  • Średni wynik to 25 z 40
Statystyki odpowiedzi
Populacja Miasto % Poprawnych
806 201 Kraków
100%
80 358 Nowy Sącz
100%
103 129 Tarnów
100%
25 204 Zakopane
100%
33 065 Nowy Targ
95%
35 577 Oświęcim
95%
17 196 Wadowice
95%
28 441 Bochnia
90%
33 928 Chrzanów
86%
8701 Stary Sącz
86%
27 845 Wieliczka
86%
32 261 Olkusz
81%
18 311 Andrychów
76%
25 523 Gorlice
76%
14 430 Limanowa
76%
15 928 Brzesko
71%
10 918 Miechów
71%
17 745 Myślenice
71%
12 233 Rabka-Zdrój
67%
8868 Sucha Beskidzka
67%
11 458 Dąbrowa Tarnowska
62%
9597 Krynica-Zdrój
62%
16 805 Niepołomice
62%
5744 Proszowice
62%
17 669 Kęty
57%
23 967 Skawina
57%
18 502 Trzebinia
52%
5403 Jordanów
48%
5534 Maków Podhalański
48%
6163 Dobczyce
38%
15 912 Libiąż
38%
9743 Krzeszowice
33%
7826 Mszana Dolna
33%
5947 Grybów
29%
8413 Wolbrom
29%
10 657 Brzeszcze
24%
8413 Chełmek
24%
6176 Tuchów
24%
9467 Bukowno
19%
6464 Sułkowice
19%
Nie znaleziono quizów pasujących do podanych kryteriów
Rozkład punktacji
Procent ludzi z każdym wynikiem
Percentyl według liczby udzielonych odpowiedzi
Twoja historia wyników
Nie rozwiązałeś tego quizu